Normal view
MARC view
Entry Personal Name
001 - CONTROL NUMBER
- control field: 13692
003 - CONTROL NUMBER IDENTIFIER
- control field: BD-RjUL
005 - DATE AND TIME OF LATEST TRANSACTION
- control field: 20241003120126.0
008 - FIXED-LENGTH DATA ELEMENTS
- fixed length control field: 241003|| aca||aabn | a|a d
040 ## - CATALOGING SOURCE
- Original cataloging agency: BD-RjUL
- Transcribing agency: BD-RjUL
100 ## - HEADING--PERSONAL NAME
- Personal name: محبوب الرحمن, محمد ;;; Mahbub Rahman, Muhammad
670 ## - SOURCE DATA FOUND
- Source citation: Work cat.: (BD-RjUL)84071: محبوب الرحمن, محمد ;;; Mahbub Rahman, Muhammad, الامام ابو داود سليمان بن الأشعث السجستاني رح اثاره في علم الحديث خصوصا في علم الجرح والتعليل ;;;; alamam abu dawud sulayman bin al'asheath alsajistanii rah atharuh fi eilm alhadith khususan fi eilm aljurh waltaelil /